000 00798nam a22002057a 4500
005 20210323014144.0
008 210323b mx ||||| |||| 00| 0 spa d
020 _a9688371173 (obra completa)
020 _a968837119X (tomo segundo)
050 0 4 _aPM3966
_bC58 1984
100 1 _aCiudad Real, Antonio de,
_d1551-1617,
245 1 0 _aCalepino maya de motul /
_cAntonio de ciudad Real ; ed. de René Acuña
260 _aMéxico :
_bUNAM, Instituto de Investigaciones Filologicas,
_c1984
300 _a2 tomos :
_bfacsímil ;
_c24 cm
490 _aFilología. gramáticas y diccionarios ;
_v2
650 7 _2lemb
_aMaya
_vDiccionarios
700 1 _aAcuña, René,
_eeditor
710 2 _aUniversidad Nacional Autónoma de México. Instituto de Investigaciones Filológicas
942 _2lcc
_cLIB
999 _c155370
_d155368